| 000 | 01542nam a2200361 i 4500 | ||
|---|---|---|---|
| 001 | ebr10768806 | ||
| 003 | CaPaEBR | ||
| 006 | m o d | ||
| 007 | cr cn||||||||| | ||
| 008 | 131008s2013 enka o 001 0 eng|d | ||
| 020 | _z9781849695367 | ||
| 020 | _a9781849695374 (e-book) | ||
| 040 |
_aCaPaEBR _beng _erda _epn _cCaPaEBR |
||
| 035 | _a(OCoLC)861537150 | ||
| 050 | 1 | 4 |
_aQA76.9.D5 _bN33 2013eb |
| 100 | 1 | _aNadipalli, Rajesh. | |
| 245 | 1 | 0 |
_aHDInsight essentials : _btap your unstructured big data and empower your business using the Hadoop distribution from Windows / _cRajesh Nadipalli. |
| 264 | 1 |
_aBirmingham : _bPackt Publishing, _c2013. |
|
| 300 |
_a1 online resource (122 pages) : _billustrations (chiefly color). |
||
| 336 |
_atext _2rdacontent |
||
| 337 |
_acomputer _2rdamedia |
||
| 338 |
_aonline resource _2rdacarrier |
||
| 440 | 0 | _aCommunity experience distilled | |
| 500 | _aIncludes index. | ||
| 588 | _aDescription based on online resource; title from PDF title page (ebrary, viewed October 8, 2013). | ||
| 590 | _aElectronic reproduction. Palo Alto, Calif. : ebrary, 2013. Available via World Wide Web. Access may be limited to ebrary affiliated libraries. | ||
| 630 | 0 | 0 | _aApache Hadoop. |
| 650 | 0 |
_aElectronic data processing _xDistributed processing. |
|
| 650 | 0 | _aFile organization (Computer science) | |
| 655 | 0 | _aElectronic books. | |
| 797 | 2 | _aebrary. | |
| 856 | 4 | 0 |
_uhttp://site.ebrary.com/lib/rucke/Doc?id=10768806 _zAn electronic book accessible through the World Wide Web; click to view |
| 999 |
_c126914 _d126914 |
||